00500 2200181 4500001002100000005001500021008004100036020002200077035001900099041000700118082001100125090001700136100002400153245004800177260003200225300002000257650004100277INLIS00000000001593020241224115028241224||||||||| | ||| |||| || |  a978-979-518-093-7 0010-1224015930 aid0 a633.88 a633.88 MUL p0 aMul Mulyani Sutedjo00aPengembangan Kultur Tanaman Berkhasiat Obat aJakartabRineka Ciptac2013 ax,162hlm;20.5cm 0aPertanian & Teknologi Yang Berkaitan